000
00240nam a2200097Ia 4500
008
231107s2008 xx 000 0 und d
041
_a
eng
100
_a
Owen Cheryl
245
_a
Oriental Papercrafts
260
_a
U.K.
_b
New Holland pub.
_c
2008
999
_c
927174
_d
927174